[Event "Belgrade-chT Quality"]
[Site "Belgrade"]
[Date "2015.11.03"]
[Round "9.2"]
[White "Protic, Dusan"]
[Black "Jevremovic, Miodrag"]
[Result "1/2-1/2"]
[WhiteElo "2074"]
[BlackElo "2069"]
[PlyCount "108"]
[EventDate "2015.10.03"]
[EventType "team-tourn"]
[EventRounds "11"]
[EventCountry "SRB"]
[SourceTitle "EXT 2018"]
[Source "ChessBase"]
[SourceDate "2017.10.13"]
[SourceVersion "1"]
[SourceVersionDate "2017.10.13"]
[SourceQuality "1"]

1. Nc3 g6 2. e4 Bg7 3. d4 d6 4. Bc4 Nf6 5. Nf3 0-0 6. 0-0 c6 7. Bf4 Bg4 8. Bb3 Nfd7 9. e5 dxe5 10. dxe5 Bxf3 11. Qxf3 Bxe5 12. Bxe5 Nxe5 13. Qf4 Ned7 14. Rad1 e5 15. Qh6 Qf6 16. Ne4 Qg7 17. Qh4 Kh8 18. Rd6 f6 19. Rfd1 g5 20. Qh3 Nb6 21. Qf5 Na6 22. a4 Nb4 23. Rxf6 Rxf6 24. Qxf6 Qxf6 25. Nxf6 a5 26. c3 N4d5 27. Nxd5 cxd5 28. Bxd5 Nxa4 29. Bxb7 Rb8 30. Bc6 Nxb2 31. Rb1 Rb6 32. Be4 a4 33. Kf1 a3 34. Ra1 Rb3 35. Rc1 Nc4 36. Ke2 a2 37. Ra1 Rb2+ 38. Kd3 Nd6 39. Bd5 Rxf2 40. Rxa2 Rxa2 41. Bxa2 Kg7 42. c4 Kf6 43. c5 e4+ 44. Ke3 Nb5 45. Bb1 Ke5 46. Bxe4 h5 47. Bc6 Nc7 48. Kd3 g4 49. Kc4 h4 50. Bd7 Kf4 51. Kd4 h3 52. gxh3 gxh3 53. Bxh3 Na6 54. c6 Nc7 1/2-1/2

[Event "Belgrade-chT Quality"]
[Site "Belgrade"]
[Date "2015.11.02"]
[Round "8"]
[White "Stancic, Lazar"]
[Black "Jevremovic, Miodrag"]
[Result "0-1"]
[WhiteElo "1962"]
[BlackElo "2069"]
[PlyCount "82"]
[EventDate "2015.10.03"]
[EventType "team-tourn"]
[EventRounds "11"]
[EventCountry "SRB"]
[SourceTitle "EXT 2018"]
[Source "ChessBase"]
[SourceDate "2017.10.13"]
[SourceVersion "1"]
[SourceVersionDate "2017.10.13"]
[SourceQuality "1"]

1. e4 e6 2. d4 d5 3. Nc3 Nf6 4. e5 Nfd7 5. f4 c5 6. Nf3 Nc6 7. Be3 cxd4 8. Nxd4 Bc5 9. Qd2 g5 10. g3 gxf4 11. gxf4 Qh4+ 12. Bf2 Nxd4 13. Bxh4 Nf3+ 14. Kd1 Nxd2 15. Kxd2 a6 16. Bh3 b5 17. Rhf1 b4 18. Na4 Ba7 19. Bf2 Bxf2 20. Rxf2 Bb7 21. a3 a5 22. f5 Bc6 23. fxe6 fxe6 24. b3 Bxa4 25. bxa4 Ke7 26. axb4 axb4 27. Rf4 Rhf8 28. Raf1 Rxa4 29. Rxf8 Nxf8 30. Rf6 Ra2 31. Rf3 Nd7 32. Rb3 Ra3 33. Rxa3 bxa3 34. Kc3 Nxe5 35. Kb3 Nc4 36. Bg4 Kd6 37. Be2 Kc5 38. Bxc4 dxc4+ 39. Kxa3 Kd4 40. Kb2 e5 41. Kc1 Kc3 0-1

[Event "Belgrade-chT Quality"]
[Site "Belgrade"]
[Date "2015.10.18"]
[Round "6"]
[White "Grbic, Milorad"]
[Black "Jevremovic, Miodrag"]
[Result "1-0"]
[WhiteElo "2276"]
[BlackElo "2069"]
[PlyCount "93"]
[EventDate "2015.10.03"]
[EventType "team-tourn"]
[EventRounds "11"]
[EventCountry "SRB"]
[SourceTitle "EXT 2018"]
[Source "ChessBase"]
[SourceDate "2017.10.13"]
[SourceVersion "1"]
[SourceVersionDate "2017.10.13"]
[SourceQuality "1"]

1. e4 e6 2. d4 d5 3. e5 c5 4. c3 Qb6 5. Nf3 Bd7 6. Be2 Bb5 7. c4 Bxc4 8. Bxc4 dxc4 9. d5 exd5 10. Qxd5 Ne7 11. Qxc4 Qb4+ 12. Qxb4 cxb4 13. Nbd2 Nbc6 14. b3 Ng6 15. 0-0 Be7 16. Bb2 0-0 17. g3 Rad8 18. Rfd1 Rd3 19. Kf1 Rfd8 20. Ke2 R3d5 21. Nc4 Bc5 22. Rxd5 Rxd5 23. Rc1 Kf8 24. Rc2 Ke7 25. Rd2 Rxd2+ 26. Ncxd2 h6 27. Ne4 Bb6 28. Nd6 Ke6 29. Ne8 Ngxe5 30. Nxg7+ Kd5 31. Nxe5 Nxe5 32. Nf5 h5 33. Ng7 Bd4 34. Bc1 Ng4 35. Nf5 Bc3 36. Ne3+ Nxe3 37. Bxe3 a6 38. Bd2 Kd4 39. f3 b5 40. g4 hxg4 41. fxg4 a5 42. h4 Ke5 43. Kd3 Bd4 44. Be3 Bc3 45. h5 f5 46. g5 f4 47. g6 1-0

[Event "Belgrade-chT Quality"]
[Site "Belgrade"]
[Date "2015.10.17"]
[Round "5"]
[White "Jevremovic, Miodrag"]
[Black "Sekulovic, Aleksandar"]
[Result "0-1"]
[WhiteElo "2069"]
[BlackElo "2151"]
[PlyCount "62"]
[EventDate "2015.10.03"]
[EventType "team-tourn"]
[EventRounds "11"]
[EventCountry "SRB"]
[SourceTitle "EXT 2018"]
[Source "ChessBase"]
[SourceDate "2017.10.13"]
[SourceVersion "1"]
[SourceVersionDate "2017.10.13"]
[SourceQuality "1"]

1. Nf3 Nf6 2. c4 g6 3. Nc3 Bg7 4. g3 d6 5. Bg2 0-0 6. 0-0 c5 7. d4 Nbd7 8. b3 a6 9. Bb2 Rb8 10. a4 b6 11. Qd2 Bb7 12. d5 Qc7 13. Rad1 Rfd8 14. Rfe1 Bc8 15. Bh3 Ne5 16. Bxc8 Qxc8 17. Nxe5 dxe5 18. e4 Qh3 19. f3 Ne8 20. Qg2 Qxg2+ 21. Kxg2 Nd6 22. Rd3 b5 23. axb5 axb5 24. cxb5 Nxb5 25. Na4 Nd4 26. Nxc5 Rb5 27. Ba3 Nc2 28. Re2 Nxa3 29. Ra2 Rxc5 30. Rxa3 Rc2+ 31. Kh3 Rb2 0-1

[Event "Belgrade-chT"]
[Site "Belgrade"]
[Date "2014.11.01"]
[Round "9"]
[White "Jevremovic, Miodrag"]
[Black "Sergijevic, Zoran"]
[Result "0-1"]
[WhiteElo "2103"]
[BlackElo "2101"]
[PlyCount "69"]
[EventDate "2014.10.04"]
[EventType "team-tourn"]
[EventRounds "13"]
[EventCountry "SRB"]
[SourceTitle "EXT 2015"]
[Source "ChessBase"]
[SourceDate "2014.11.20"]
[SourceVersion "1"]
[SourceVersionDate "2014.11.20"]
[SourceQuality "1"]

1. d4 d5 2. Nf3 g6 3. c4 c6 4. Nc3 Nf6 5. Bg5 Bg7 6. e3 Ne4 7. Bf4 Qa5 8. cxd5 cxd5 9. Nd2 Nxc3 10. bxc3 Nc6 11. c4 e5 12. dxe5 Nxe5 13. cxd5 Qxd5 14. Qb3 Qxb3 15. Nxb3 Be6 16. Bb5+ Ke7 17. Rc1 Rac8 18. 0-0 a6 19. Be2 b5 20. Rfd1 Rxc1 21. Rxc1 Rc8 22. Rxc8 Bxc8 23. Bxe5 Bxe5 24. f4 Bc7 25. Kf2 b4 26. Nc5 a5 27. Bb5 Kd6 28. Nd3 Be6 29. Nc1 Kc5 30. Be8 Kc4 31. Ne2 Bb6 32. Kf3 Kd3 33. e4 Kc2 34. g4 Bxa2 35. f5 0-1

[Event "Belgrade-chT"]
[Site "Belgrade"]
[Date "2014.10.26"]
[Round "8"]
[White "Dinic, Dusan"]
[Black "Jevremovic, Miodrag"]
[Result "1-0"]
[WhiteElo "2254"]
[BlackElo "2103"]
[PlyCount "96"]
[EventDate "2014.10.04"]
[EventType "team-tourn"]
[EventRounds "13"]
[EventCountry "SRB"]
[SourceTitle "EXT 2015"]
[Source "ChessBase"]
[SourceDate "2014.11.20"]
[SourceVersion "1"]
[SourceVersionDate "2014.11.20"]
[SourceQuality "1"]

1. e4 e6 2. d4 d5 3. Nc3 Nf6 4. Bg5 Be7 5. e5 Nfd7 6. h4 a6 7. Bxe7 Qxe7 8. Qg4 f6 9. f4 c5 10. dxc5 fxe5 11. fxe5 Nc6 12. Nf3 Ndxe5 13. Nxe5 Nxe5 14. Qh5+ Nf7 15. Bd3 g6 16. Qe2 Bd7 17. 0-0-0 d4 18. Ne4 Bc6 19. Rh3 0-0-0 20. b4 Rhe8 21. Bc4 Kb8 22. Rf1 Ne5 23. Ng5 Nxc4 24. Rf7 Ne3 25. Rxe7 Rxe7 26. Qf2 Bxg2 27. Rxe3 dxe3 28. Qxg2 Rd4 29. a3 e5 30. Qf3 Rf4 31. Qxe3 Rxh4 32. Qd3 Rd4 33. Qh3 h5 34. Qf3 Rf4 35. Qd5 Rd4 36. Qg8+ Ka7 37. Qxg6 h4 38. Ne6 Rdd7 39. Nd8 h3 40. Qb6+ Ka8 41. c6 h2 42. cxb7+ Rxb7 43. Qc6 e4 44. Qc8+ Ka7 45. Qc5+ Kb8 46. Nc6+ Ka8 47. Qh5 Rb5 48. Qxh2 Rg7 1-0

[Event "Belgrade-chT"]
[Site "Belgrade"]
[Date "2014.10.19"]
[Round "6"]
[White "Jevremovic, Miodrag"]
[Black "Maksimovic, Milorad M"]
[Result "1-0"]
[WhiteElo "2103"]
[BlackElo "2148"]
[PlyCount "111"]
[EventDate "2014.10.04"]
[EventType "team-tourn"]
[EventRounds "13"]
[EventCountry "SRB"]
[SourceTitle "EXT 2015"]
[Source "ChessBase"]
[SourceDate "2014.11.20"]
[SourceVersion "1"]
[SourceVersionDate "2014.11.20"]
[SourceQuality "1"]

1. d4 e6 2. c4 Nf6 3. Nf3 b6 4. Nc3 Bb4 5. Bg5 Bb7 6. Nd2 h6 7. Bh4 c5 8. a3 Bxc3 9. bxc3 d6 10. f3 Nc6 11. e3 Na5 12. Be2 Qe7 13. 0-0 Rc8 14. e4 e5 15. d5 g5 16. Bf2 Ba6 17. g3 Rg8 18. Kh1 Kd8 19. Qa4 Qd7 20. Qxd7+ Nxd7 21. f4 f6 22. fxg5 fxg5 23. Be3 Ke7 24. h4 gxh4 25. gxh4 Rg3 26. Rf3 Rxf3 27. Bxf3 Rh8 28. Rg1 Kf6 29. Bh5 Nf8 30. Rf1+ Ke7 31. Rf7+ Kd8 32. Rf6 Ke7 33. Rf7+ Kd8 34. Rxa7 Bb7 35. Nb3 Nxc4 36. Rxb7 Nxe3 37. Rxb6 Nc4 38. Ra6 Kc7 39. Be2 Nb6 40. a4 Nfd7 41. a5 Nc8 42. Rc6+ Kb8 43. Bg4 Nf6 44. Bf5 Rd8 45. Nd2 Ne7 46. Rb6+ Kc7 47. Nc4 Nfxd5 48. exd5 Nxf5 49. Rc6+ Kb7 50. h5 Ka7 51. Kg2 Ne7 52. Rc7+ Ka6 53. Rxe7 Kb5 54. Nd2 Kxa5 55. Re6 Kb5 56. Rxh6 1-0

[Event "Belgrade-chT"]
[Site "Belgrade"]
[Date "2014.10.11"]
[Round "3"]
[White "Kuzmanovic, Aleksa"]
[Black "Jevremovic, Miodrag"]
[Result "1/2-1/2"]
[WhiteElo "1813"]
[BlackElo "2103"]
[PlyCount "147"]
[EventDate "2014.10.04"]
[EventType "team-tourn"]
[EventRounds "13"]
[EventCountry "SRB"]
[SourceTitle "EXT 2015"]
[Source "ChessBase"]
[SourceDate "2014.11.20"]
[SourceVersion "1"]
[SourceVersionDate "2014.11.20"]
[SourceQuality "1"]

1. d4 e6 2. c4 Nf6 3. Nc3 d5 4. Nf3 Nbd7 5. Bf4 c6 6. c5 b6 7. b4 a5 8. a3 Ba6 9. h3 Be7 10. Nd2 0-0 11. e3 Bxf1 12. Nxf1 axb4 13. axb4 Rxa1 14. Qxa1 bxc5 15. bxc5 Qa8 16. Qb2 Qa5 17. Nd2 e5 18. Bg5 Rb8 19. Qc2 Qa1+ 20. Nd1 exd4 21. Nb3 Qa4 22. Nxd4 Qxc2 23. Nxc2 Nxc5 24. Nd4 Rb6 25. Nc3 Nce4 26. Nxe4 Nxe4 27. Bxe7 Rb1+ 28. Ke2 Rxh1 29. Nxc6 Rb1 30. f3 Rb2+ 31. Kf1 Nd2+ 32. Kg1 Nc4 33. Bc5 Rd2 34. Bd4 f6 35. Ne7+ Kf7 36. Nxd5 Nxe3 37. Nxe3 Rxd4 38. Kf2 Rd2+ 39. Kg3 Ke6 40. h4 g6 41. Kg4 Rd4+ 42. Kg3 f5 43. Nc2 Rc4 44. Ne1 Rc3 45. Kf4 Rc4+ 46. Kg3 f4+ 47. Kg4 Kf6 48. Nd3 h5+ 49. Kh3 Kf5 50. Kh2 Rc3 51. Nf2 Re3 52. Nh3 Ra3 53. Ng5 Ke5 54. Nh3 Ra1 55. Ng5 Kd4 56. Ne6+ Ke3 57. Ng5 Rf1 58. Ne6 Ra1 59. Ng5 Ra2 60. Nh3 Ra4 61. Ng5 Kf2 62. Nh3+ Kf1 63. Kh1 Ke2 64. Kg1 Ke3 65. Ng5 Ra1+ 66. Kh2 Rb1 67. Nh3 Rb5 68. Kg1 Ra5 69. Kh2 Rf5 70. Kh1 Ra5 71. Kg1 Ra1+ 72. Kh2 Rb1 73. Ng5 Rf1 74. Ne6 1/2-1/2

[Event "Belgrade-chT"]
[Site "Belgrade"]
[Date "2012.10.10"]
[Round "9.3"]
[White "Senic, Branko"]
[Black "Jevremovic, Miodrag"]
[Result "0-1"]
[WhiteElo "2134"]
[BlackElo "2091"]
[PlyCount "58"]
[EventDate "2012.10.01"]
[EventType "team-tourn"]
[EventRounds "11"]
[EventCountry "SRB"]
[SourceTitle "CBM 150 Extra"]
[Source "ChessBase"]
[SourceDate "2012.10.19"]
[SourceVersion "1"]
[SourceVersionDate "2012.10.19"]
[SourceQuality "1"]
[WhiteTeam "Mladenovac"]
[BlackTeam "Belgrade Cukaricki"]
[WhiteTeamCountry "SRB"]
[BlackTeamCountry "SRB"]

1. e4 e6 2. d4 d5 3. Nc3 Nf6 4. Bg5 Be7 5. e5 Nfd7 6. Bxe7 Qxe7 7. f4 a6 8. Nf3 c5 9. dxc5 Qxc5 10. Qd4 b6 11. b4 Qc7 12. a3 Nc6 13. Qd2 0-0 14. Bd3 f6 15. exf6 Rxf6 16. g3 Bb7 17. 0-0 Rc8 18. b5 Ncb8 19. Ne2 Nc5 20. Nfd4 a5 21. Qe3 Nbd7 22. Rae1 Rcf8 23. Nc1 Qd6 24. Nf3 Nxd3 25. Nxd3 Qxa3 26. Nde5 Qxe3+ 27. Rxe3 Nc5 28. Rfe1 Rc8 29. Nd4 Kf8 0-1

[Event "Belgrade-chT Quality"]
[Site "Belgrade"]
[Date "2011.10.31"]
[Round "7"]
[White "Sergijevic, Zoran"]
[Black "Jevremovic, Miodrag"]
[Result "0-1"]
[WhiteElo "2099"]
[BlackElo "2088"]
[PlyCount "72"]
[EventDate "2011.10.15"]
[EventType "team-swiss"]
[EventRounds "11"]
[EventCountry "SRB"]
[SourceTitle "EXT 2012"]
[Source "ChessBase"]
[SourceDate "2011.11.24"]
[SourceVersion "1"]
[SourceVersionDate "2011.11.24"]
[SourceQuality "1"]

1. e4 e6 2. d4 d5 3. Nc3 Nf6 4. Bg5 Be7 5. exd5 Nxd5 6. Bxe7 Nxe7 7. Nf3 0-0 8. Bd3 Re8 9. Qd2 Nd7 10. 0-0-0 b6 11. Be4 c6 12. Ng5 Nf6 13. Bf3 Ned5 14. Nce4 Bb7 15. h4 Qc7 16. Nxf6+ Nxf6 17. Ne4 Nxe4 18. Bxe4 Rad8 19. Qe3 Kh8 20. h5 h6 21. f4 c5 22. Qf3 Bxe4 23. Qxe4 Rd5 24. c3 Red8 25. dxc5 Qxc5 26. Rxd5 Rxd5 27. Qe2 Rf5 28. Rh4 b5 29. a3 a5 30. Kb1 b4 31. cxb4 axb4 32. axb4 Qxb4 33. Qe3 Rb5 34. Qe2 Rd5 35. Rg4 Qb3 36. Kc1 Rxh5 0-1

[Event "SRB-chT quality"]
[Site "Belgrade"]
[Date "2010.10.27"]
[Round "7"]
[White "Jevremovic, Miodrag"]
[Black "Djalovic, Velizar"]
[Result "1/2-1/2"]
[WhiteElo "2102"]
[BlackElo "2165"]
[PlyCount "101"]
[EventDate "2010.10.09"]
[EventType "team-tourn"]
[EventRounds "11"]
[EventCountry "YUG"]
[SourceTitle "EXT 2011"]
[Source "ChessBase"]
[SourceDate "2010.11.26"]
[SourceVersion "1"]
[SourceVersionDate "2010.11.26"]
[SourceQuality "1"]

1. d4 d5 2. c4 Nf6 3. Nf3 e6 4. Nc3 Be7 5. e3 b6 6. Bd3 Bb7 7. 0-0 0-0 8. Qe2 Nbd7 9. Rd1 Re8 10. b3 c6 11. Bb2 Bd6 12. Rac1 Qe7 13. e4 Bf4 14. e5 Ng4 15. Rc2 Qd8 16. h3 Nh6 17. g3 Bg5 18. Nxg5 Qxg5 19. Bc1 Qe7 20. Qh5 f6 21. Bxh6 gxh6 22. cxd5 exd5 23. Re2 fxe5 24. dxe5 Qg5 25. Qxg5+ hxg5 26. f4 Nc5 27. Bb1 Ba6 28. Rf2 Re7 29. b4 Ne6 30. b5 Bxb5 31. Nxb5 cxb5 32. Rxd5 Rc8 33. Rxb5 Rc3 34. Rb3 Rc1+ 35. Kh2 Nc5 36. Rb5 Rd7 37. Bc2 Re1 38. Bb3+ Kg7 39. Bc2 Rd4 40. Rb1 Re3 41. Rbf1 gxf4 42. gxf4 Rc4 43. Rg1+ Kf8 44. Bxh7 Ne6 45. f5 Nf4 46. Rg3 Rxe5 47. Rg4 Nd3 48. Rg8+ Kf7 49. Rfg2 Rcc5 50. R2g7+ Kf6 51. Rg6+ 1/2-1/2

[Event "Belgrade-chT Quality"]
[Site "Belgrade"]
[Date "2009.10.31"]
[Round "9"]
[White "Popovic, Andrija"]
[Black "Jevremovic, Miodrag"]
[Result "0-1"]
[WhiteElo "2261"]
[BlackElo "2081"]
[PlyCount "132"]
[EventDate "2009.10.11"]
[EventType "team-tourn"]
[EventRounds "11"]
[EventCountry "YUG"]
[SourceTitle "CBM 133 Extra"]
[Source "ChessBase"]
[SourceDate "2010.01.05"]
[SourceVersion "1"]
[SourceVersionDate "2010.01.05"]
[SourceQuality "1"]

1. e4 e6 2. d4 d5 3. e5 c5 4. c3 Nc6 5. Nf3 Qb6 6. Be2 Nh6 7. b3 cxd4 8. cxd4 Bb4+ 9. Kf1 Nf5 10. Bb2 h5 11. h4 Bd7 12. g3 Rc8 13. Kg2 a6 14. Qd3 Na7 15. a4 Nc6 16. Rc1 0-0 17. Na3 Na5 18. Nc2 Be7 19. Nd2 g6 20. Ne3 Rxc1 21. Rxc1 Bxa4 22. Nxf5 exf5 23. Bd1 Bd7 24. Nf3 Rc8 25. Qe3 Rxc1 26. Bxc1 Nc6 27. Bb2 Nd8 28. Ng1 Ne6 29. Nh3 a5 30. Bf3 Bc6 31. Ng5 Bxg5 32. hxg5 a4 33. Bd1 Qb4 34. Bc3 Qa3 35. bxa4 Bxa4 36. Bf3 Bc6 37. Qd2 Qe7 38. Bd1 Qxg5 39. f4 Qh6 40. Qe3 h4 41. Be1 Bb5 42. Bb3 Bc6 43. Bd1 hxg3 44. Bxg3 g5 45. fxg5 Qxg5 46. Qxg5+ Nxg5 47. Be1 Ne6 48. Bc3 Kg7 49. Kg3 Kg6 50. Kh4 f6 51. Bh5+ Kg7 52. exf6+ Kxf6 53. Be2 b6 54. Bd3 Nc7 55. Kg3 Bb5 56. Bc2 Bc4 57. Kf3 b5 58. Kg3 Ne6 59. Kh4 Nf4 60. Bb2 b4 61. Kg3 Ne6 62. Kf3 Kg5 63. Ba4 Kf6 64. Bd7 Nc7 65. Kf4 Bd3 66. Kf3 Na8 0-1

[Event "Belgrade-chT Quality"]
[Site "Belgrade"]
[Date "2009.10.29"]
[Round "7"]
[White "Dzunic, Vladimir"]
[Black "Jevremovic, Miodrag"]
[Result "0-1"]
[WhiteElo "2103"]
[BlackElo "2081"]
[PlyCount "66"]
[EventDate "2009.10.11"]
[EventType "team-tourn"]
[EventRounds "11"]
[EventCountry "YUG"]
[SourceTitle "CBM 133 Extra"]
[Source "ChessBase"]
[SourceDate "2010.01.05"]
[SourceVersion "1"]
[SourceVersionDate "2010.01.05"]
[SourceQuality "1"]

1. d4 d5 2. c4 c6 3. Nc3 Nf6 4. e3 e6 5. Nf3 Nbd7 6. b3 Bb4 7. Bd2 0-0 8. Bd3 Re8 9. a3 Ba5 10. 0-0 e5 11. Nxe5 Nxe5 12. dxe5 Rxe5 13. b4 Bc7 14. cxd5 Rh5 15. f4 Bg4 16. Be2 Bxe2 17. Qxe2 cxd5 18. Nb5 Bb6 19. Bc3 Rh6 20. Rf3 Rc8 21. Bxf6 Rxf6 22. Rd1 Re6 23. Qd3 Qe8 24. Nd4 Re4 25. Nf5 Rd8 26. Rg3 g6 27. Qc3 d4 28. Nxd4 Bxd4 29. exd4 Rdxd4 30. Rgd3 Rxd3 31. Qxd3 Re3 32. Qd8 Kf8 33. Rd4 Re1+ 0-1

[Event "Belgrade-chT Quality"]
[Site "Belgrade"]
[Date "2009.10.24"]
[Round "4"]
[White "Lazic, Ljubisa V"]
[Black "Jevremovic, Miodrag"]
[Result "1-0"]
[WhiteElo "2250"]
[BlackElo "2081"]
[PlyCount "89"]
[EventDate "2009.10.11"]
[EventType "team-tourn"]
[EventRounds "11"]
[EventCountry "YUG"]
[SourceTitle "CBM 133 Extra"]
[Source "ChessBase"]
[SourceDate "2010.01.05"]
[SourceVersion "1"]
[SourceVersionDate "2010.01.05"]
[SourceQuality "1"]

1. d4 Nf6 2. Nf3 d5 3. Bf4 e6 4. e3 Bd6 5. Bg5 Nbd7 6. Nbd2 e5 7. c4 e4 8. Ng1 h6 9. Bh4 g5 10. Bg3 Bxg3 11. hxg3 Qe7 12. a3 a5 13. Ne2 dxc4 14. Nxc4 b5 15. Nd2 Nb6 16. Nc3 c6 17. Qc2 Bf5 18. Rc1 Rc8 19. Nb3 b4 20. Nb1 a4 21. Nc5 b3 22. Qd2 Qa7 23. Be2 Kf8 24. 0-0 Kg7 25. Qe1 Nbd5 26. Nd2 h5 27. Nc4 Qe7 28. Nxa4 h4 29. Nab6 Nxb6 30. Nxb6 Rb8 31. Rc5 Kg6 32. Qa5 Rxb6 33. Rxf5 Rb5 34. Bxb5 Kxf5 35. Bxc6+ Kg6 36. Qe5 Qxe5 37. dxe5 Ng4 38. Bxe4+ Kg7 39. gxh4 Rxh4 40. Bd5 Nxe5 41. Bxb3 Nd3 42. Rb1 Nc5 43. Bd5 Ra4 44. b4 Nd7 45. Be6 1-0

[Event "Belgrade Winter op"]
[Site "Belgrade"]
[Date "2004.01.25"]
[Round "5"]
[White "Katic, Goran"]
[Black "Jevremovic, Miodrag"]
[Result "1/2-1/2"]
[WhiteElo "2035"]
[BlackElo "2125"]
[PlyCount "100"]
[EventDate "2004.01.21"]
[EventType "swiss"]
[EventRounds "9"]
[EventCountry "YUG"]
[SourceTitle "CBM 098 Extra"]
[Source "ChessBase"]
[SourceDate "2004.03.10"]
[SourceVersion "2"]
[SourceVersionDate "2004.03.10"]
[SourceQuality "1"]

1. e4 e6 2. d4 d5 3. Nd2 c5 4. exd5 exd5 5. Ngf3 Nf6 6. Bb5+ Bd7 7. Qe2+ Be7 8. dxc5 0-0 9. Nb3 Re8 10. Be3 a6 11. Bxd7 Nbxd7 12. 0-0-0 a5 13. a4 Nxc5 14. Qb5 Nxb3+ 15. Qxb3 Qc7 16. Bd4 b5 17. axb5 a4 18. Qc3 Qb8 19. b6 Rc8 20. Qd3 a3 21. b3 Bc5 22. Qb5 Qf4+ 23. Kb1 Bxd4 24. Rxd4 Qf5 25. Qd3 Qxd3 26. Rxd3 Rcb8 27. Nd4 Rxb6 28. f3 g6 29. Ka2 Nd7 30. Re1 Nc5 31. Rde3 Kg7 32. R1e2 h5 33. h4 Ra5 34. Re1 Na6 35. c3 Nc5 36. Rb1 Ra7 37. b4 Nd7 38. Rb3 Kf6 39. Rxa3 Rc7 40. Kb2 Ne5 41. Rxe5 Kxe5 42. g3 f5 43. Ra8 Re7 44. b5 f4 45. Nc6+ Rxc6 46. gxf4+ Kxf4 47. bxc6 Rc7 48. Ra5 Kxf3 49. Rxd5 Rxc6 50. Rg5 Rc4 1/2-1/2

[Event "Belgrade Winter op"]
[Site "Belgrade"]
[Date "2004.01.23"]
[Round "3"]
[White "Jevremovic, Miodrag"]
[Black "Kilibarda, Novak"]
[Result "1-0"]
[WhiteElo "2125"]
[BlackElo "1850"]
[PlyCount "142"]
[EventDate "2004.01.21"]
[EventType "swiss"]
[EventRounds "9"]
[EventCountry "YUG"]
[SourceTitle "CBM 098 Extra"]
[Source "ChessBase"]
[SourceDate "2004.03.10"]
[SourceVersion "2"]
[SourceVersionDate "2004.03.10"]
[SourceQuality "1"]

1. Nf3 Nf6 2. g3 e6 3. Bg2 Nc6 4. 0-0 d5 5. d4 Be7 6. c4 dxc4 7. Qa4 0-0 8. Qxc4 Qd5 9. Qxd5 exd5 10. Nc3 Bf5 11. Bf4 Rac8 12. Be5 Rfe8 13. Rac1 a6 14. Rfe1 Red8 15. Na4 Ng4 16. Bf4 h6 17. Nc5 Bxc5 18. Rxc5 g5 19. Bd2 Nf6 20. Be3 Ne4 21. Rcc1 f6 22. Red1 Ne7 23. Nd2 Nxd2 24. Bxd2 b6 25. b4 c6 26. Rc3 Rc7 27. Rdc1 Rdc8 28. a4 Kf7 29. f3 Bg6 30. e4 h5 31. Kf2 g4 32. fxg4 hxg4 33. exd5 Nf5 34. Bf4 Rd7 35. dxc6 Rxd4 36. c7 Ne7 37. Bb7 Rxb4 38. Bxc8 Nxc8 39. a5 b5 40. Rc6 Bf5 41. Rxa6 Bd7 42. Ra8 Rb2+ 43. Ke3 b4 44. a6 b3 45. Kd4 Ra2 46. Rb1 Nb6 47. Rb8 Rxa6 48. Rxb3 Nc8 49. Rxc8 Bxc8 50. Rb8 Ra4+ 51. Kc5 Be6 52. Bd6 Rc4+ 53. Kb6 Bd7 54. Bc5 Rc2 55. c8Q Bxc8 56. Rxc8 Rxh2 57. Kc6 Rc2 58. Ra8 Ke6 59. Re8+ Kf5 60. Kd5 Rg2 61. Re3 Rd2+ 62. Bd4 Rd1 63. Re2 Kg5 64. Ke4 f5+ 65. Ke5 Rb1 66. Be3+ Kg6 67. Rd2 Rb4 68. Rd4 Rb3 69. Bf4 Rb6 70. Rd6+ Rxd6 71. Kxd6 Kf6 1-0

[Event "Belgrade Jezero op 09th"]
[Site "Belgrade"]
[Date "2003.08.19"]
[Round "6"]
[White "Jevremovic, Miodrag"]
[Black "Jokic, Miodrag"]
[Result "0-1"]
[WhiteElo "2103"]
[BlackElo "2169"]
[PlyCount "102"]
[EventDate "2003.08.14"]
[EventType "swiss"]
[EventRounds "9"]
[EventCountry "YUG"]
[SourceTitle "EXT 2004"]
[Source "ChessBase"]
[SourceDate "2003.11.25"]
[SourceVersion "1"]
[SourceVersionDate "2003.11.25"]
[SourceQuality "1"]

1. d4 d5 2. c4 e6 3. Nc3 Nf6 4. Nf3 c5 5. e3 Nc6 6. a3 cxd4 7. Nxd4 e5 8. Nxc6 bxc6 9. cxd5 cxd5 10. Bb5+ Bd7 11. Qa4 Rb8 12. Bxd7+ Qxd7 13. Ke2 Qxa4 14. Nxa4 Bd6 15. Rd1 Ke7 16. Bd2 Rb3 17. Rac1 Rhb8 18. Rc2 R8b5 19. Bc1 Ra5 20. Nc3 Rc5 21. g4 Ke6 22. Rcd2 Rbxc3 23. bxc3 Ne4 24. Bb2 Nxd2 25. Kxd2 Rc4 26. h3 a5 27. Rb1 Kd7 28. Kd3 e4+ 29. Kc2 g6 30. Rf1 Ke6 31. f3 f5 32. gxf5+ gxf5 33. f4 a4 34. Bc1 Be7 35. Rg1 Rc8 36. Rg7 Bf6 37. Rxh7 Rxc3+ 38. Kd1 Rc8 39. h4 Rg8 40. Ra7 Rg1+ 41. Kc2 Rg2+ 42. Kb1 Bxh4 43. Ra6+ Kd7 44. Rxa4 Kc6 45. Bb2 Be1 46. Ra8 Kb5 47. a4+ Kb4 48. a5 Kb3 49. Rb8+ Bb4 50. a6 Rxb2+ 51. Kc1 Ra2 0-1

[Event "Belgrade Jezero op 09th"]
[Site "Belgrade"]
[Date "2003.08.15"]
[Round "2"]
[White "Jevremovic, Miodrag"]
[Black "Starcevic, Goran"]
[Result "0-1"]
[WhiteElo "2103"]
[BlackElo "2225"]
[PlyCount "110"]
[EventDate "2003.08.14"]
[EventType "swiss"]
[EventRounds "9"]
[EventCountry "YUG"]
[SourceTitle "EXT 2004"]
[Source "ChessBase"]
[SourceDate "2003.11.25"]
[SourceVersion "1"]
[SourceVersionDate "2003.11.25"]
[SourceQuality "1"]

1. Nf3 Nf6 2. g3 g6 3. Bg2 Bg7 4. 0-0 0-0 5. d4 d6 6. c4 Nbd7 7. Nc3 c6 8. e4 e5 9. h3 Qa5 10. Be3 exd4 11. Bxd4 Ne5 12. c5 Nfd7 13. cxd6 Qb4 14. Nxe5 Nxe5 15. Bxe5 Bxe5 16. d7 Bxd7 17. Qxd7 Qxb2 18. Rfc1 Rad8 19. Qe7 Bxc3 20. Rab1 Qxa2 21. Rxb7 Bd4 22. Rf1 Rfe8 23. Qc7 Qc4 24. e5 Bxe5 25. Qxc6 Qxc6 26. Bxc6 Re6 27. Ba4 Bd4 28. Kg2 Bb6 29. g4 Rd2 30. Rd7 Rb2 31. Rd3 Kg7 32. Rf3 Ree2 33. g5 Re5 34. h4 Rb4 35. Bb3 Rf5 36. Rxf5 gxf5 37. Bc2 Rxh4 38. Bxf5 Rf4 39. Bh3 Kg6 40. f3 Kxg5 41. Rb1 Rc4 42. Rb5+ Rc5 43. Rb2 f5 44. Re2 h5 45. Kg3 Bc7+ 46. Kg2 a5 47. Re8 Rc2+ 48. Kf1 Bb6 49. Ke1 Rh2 50. Bf1 Bc5 51. Be2 Kf4 52. Kd1 h4 53. Kd2 h3 54. Rh8 Rh1 55. Bd3 h2 0-1